000 00344nam a22000977a 4500
008 220103b ||||| |||| 00| 0 eng d
100 _aSchwaneberger Verlag
245 _aMichel Stempel-Handbuch: I. Teil (part I)
_bNachkilassische Stempel der Deut. Reichspost 1875-1900
260 _aMunich, Germany
_bSchwaneberger Verlag
_c1981
700 _aSalm, Karl
999 _c3261
_d3261